000 00950nac a22002537a 4500
001 BR8501543
003 BR-BrBNA
005 20240105120253.0
008 230509b bl.|||m| |||| 00| 0 por d
040 _aBR-BrBNA
_bpor
_cBiblioteca Nacional de Agricultura
072 _aE30
090 _aE30 BR8501543
100 1 _aLerda, J.C.
110 1 _aFundacao Universidade de Brasilia, DF (Brasil). Depto. de Economia
_95043
245 1 _aThe effects of current adjustment programs on urban malnutrition in Latin America, the Brazilian case [nutricao humana, politica governamental, Brasil]
260 3 _aBrasilia, DF (Brasil):
_c1985.
300 _a18 p.
490 _aTexto para Discussao - Fundacao Universidade de Brasilia. Depto. de Economia (Brazil)
_vno. 136
_x
500 _a7 tables; 11 ref.
650 _aNUTRICAO HUMANA
650 _aPOLITICA GOVERNAMENTAL
909 _a202312
_bLúcia Elande
_c55
_dLúcia Elande
942 _2AGRIS
_n0
_cMS
999 _c278603
_d278603